[Event "11th Chennai Open-GM 2019"]
[Site "Chennai"]
[Date "2019.01.20"]
[Round "4"]
[White "Stupak, Kirill"]
[Black "Muthaiah AL"]
[Result "1/2-1/2"]
[WhiteElo "2542"]
[BlackElo "2406"]
[Annotator "TA"]
[PlyCount "98"]
[EventDate "2019.01.18"]
[EventType "swiss"]
[EventCountry "IND"]
[SourceTitle "playchess.com"]
[Source "ChessBase"]
[SourceQuality "1"]

{[%evp 17,98,18,17,10,25,5,8,6,53,63,65,54,62,65,60,46,61,44,54,0,0,0,0,0,0,0,0,0,0,0,1,0,0,-7,13,0,0,0,0,0,0,0,17,17,17,0,12,19,19,19,19,20,14,16,15,26,14,14,16,22,14,8,8,8,101,0,0,0,0,0,0,0,0,0,0,0,0,0,0,0,0,0,0]} 1. d4 d5 2. Nf3 Nf6 3. c4 c6 4. e3 g6 5. Bd3 Bg7 6. h3 {D70: Grünfeld: Unusual White 3rd moves (met by ...d5)} O-O 7. O-O Bf5 8. Nc3 Bxd3 9. Qxd3 Nbd7 {LiveBook: 3 Games} 10. a4 $146 ({Predecessor:} 10. cxd5 cxd5 11. Bd2 Nb6 12. Rfc1 e6 {½-½ (31) Grachev,B (2682)-Erdos,V (2608) Sibenik 2011}) 10... Qa5 11. cxd5 cxd5 12. b4 Qxb4 13. Ba3 Qa5 14. Bxe7 Rfc8 15. Rfc1 Bf8 16. Bxf8 Kxf8 17. Ne5 a6 18. e4 (18. g4 $14) 18... dxe4 $11 19. Nxd7+ Nxd7 20. Nxe4 Qd5 21. Nc3 Qd6 22. Ne4 Qd5 23. Nc3 Qd6 24. Rab1 Kg7 25. a5 ({Much worse is} 25. Rxb7 Nc5 $17) 25... Ne5 26. Qe4 Nc6 27. d5 Nxa5 28. Qd4+ Qf6 29. Qb4 b6 30. Ne4 Qe5 31. f4 (31. Qxb6 $2 Nc4 $19) 31... Rxc1+ ({But not} 31... Qxd5 $2 32. Qb2+ f6 33. Nxf6 $18) 32. Rxc1 Qxf4 33. Qb2+ Kh6 $1 34. Nf6 $1 {[%cal Rf6g4] Hoping for Ng4+.} Nc4 35. Qc3 $36 {[%mdl 2048] aiming for Ng4+. White has good play.} Qe3+ 36. Qxe3+ Nxe3 {[%mdl 4096] Endgame KRN-KRN} 37. d6 $1 {[%cal Bd5d6,Bd6d7][%mdl 32] Threatens to win with d7.} Nf5 38. d7 Ne7 $1 {[#]} 39. Nd5 $1 {[%mdl 512]} Rd8 ({Avoid the trap} 39... Nxd5 $2 40. Rc8 $18) 40. Nxb6 a5 {[#]} (40... Kg5 $11) 41. Rc5 (41. Kf2 $1 $16) 41... Kg7 {The position is equal.} 42. Rxa5 Kf8 43. g4 Nc6 44. Rd5 Nb8 45. Rd6 Ke7 {[%mdl 64] Double Attack} 46. Nc8+ Kf8 47. Nb6 Ke7 {[%mdl 64] Double Attack} 48. Nc8+ Kf8 49. Nb6 Ke7 {[%mdl 64] Double Attack. Accuracy: White = 74%, Black = 71%.} 1/2-1/2

[Event "11th Chennai Open-GM 2019"]
[Site "Chennai"]
[Date "2019.01.20"]
[Round "4"]
[White "Megaranto, Susanto"]
[Black "Gajwa Ankit"]
[Result "*"]
[WhiteElo "2530"]
[BlackElo "2263"]
[Annotator "TA"]
[PlyCount "28"]
[EventDate "2019.01.18"]
[EventType "swiss"]
[EventCountry "IND"]
[SourceTitle "playchess.com"]
[Source "ChessBase"]
[SourceQuality "1"]

{[%evp 20,21,40,25]} 1. e4 c5 2. Nf3 d6 3. Bb5+ Nd7 4. O-O Ngf6 5. d4 cxd4 6. Qxd4 e5 7. Qd3 {B51: Sicilian: Moscow Variation (3 Bb5+) without 3...Bd7} h6 8. c4 Be7 9. Nc3 O-O 10. Bxd7 Bxd7 11. Be3 {LiveBook: 8 Games} {Predecessor:} a6 $146 12. a4 Be6 13. a5 Rc8 14. b3 Qe8 {1-0 (54) Alekseev,E (2714)-Atabayev,M (2460) Kazan 2013} *

[Event "11th Chennai Open-GM 2019"]
[Site "Chennai"]
[Date "2019.01.20"]
[Round "4"]
[White "Megaranto, Susanto"]
[Black "Gajwa Ankit"]
[Result "1-0"]
[WhiteElo "2530"]
[BlackElo "2263"]
[Annotator "TA"]
[PlyCount "71"]
[EventDate "2019.01.18"]
[EventType "swiss"]
[EventCountry "IND"]
[SourceTitle "playchess.com"]
[Source "ChessBase"]
[SourceQuality "1"]

{[%evp 21,71,39,41,42,52,47,47,49,43,30,93,79,91,87,83,84,72,31,34,27,39,31,45,16,38,16,25,26,21,10,38,32,34,18,21,26,37,0,15,15,10,9,7,0,39,32,33,45,189,184,940,897]} 1. e4 {Har Zvi,R} c5 2. Nf3 d6 3. Bb5+ Nd7 4. O-O Ngf6 5. d4 cxd4 6. Qxd4 e5 7. Qd3 {B51: Sicilian: Moscow Variation (3 Bb5+) without 3...Bd7} h6 8. c4 Be7 9. Nc3 O-O 10. Bxd7 Bxd7 11. Be3 (11. a4 Bc6 12. Rd1 Qe8 13. b3 Rd8 14. Nd2 Nh5 {½-½ (25) Grischuk,A (2764)-Nepomniachtchi,I (2707) Moscow 2012}) 11... a6 {LiveBook: 9 Games} 12. a4 {[%cal Ba2a4,Ba4a5][%mdl 32]} Rc8 13. a5 Be6 14. b3 Nd7 $146 15. Nd5 f5 (15... Nc5 $11 {keeps the balance.} 16. Bxc5 Rxc5) 16. exf5 $16 Bxf5 17. Nxe7+ Qxe7 18. Qd5+ Qe6 {With the idea ...Qxd5.} 19. Qxe6+ (19. Qxb7 {keeps more tension.} Nc5 20. Bxc5 dxc5 21. Rfe1 e4 22. Nd2) 19... Bxe6 20. Rfd1 Rc6 21. Ne1 Bf5 22. Ra2 Kf7 23. f4 Ke6 24. fxe5 dxe5 25. h3 (25. Nf3 {is interesting.} Rd6 26. Rxd6+ Kxd6 27. Bd2 Ke6 28. Bb4) 25... Rd6 26. Rxd6+ Kxd6 27. Bc1 {[#] Black must now prevent Ba3+.} Ke6 28. Ba3 Rc8 29. Kf2 (29. Re2 {with more complications.} Nf6 30. Nf3 Be4 31. Bb2 Rc5 32. Nd2) 29... Nc5 30. Bxc5 Rxc5 $11 {[%mdl 4096] Endgame KRB-KRN} 31. Ke3 Rc7 32. Ra4 Kd6 33. Rb4 Rd7 34. Nf3 e4 ({Black should play} 34... Bc2 $14) 35. Rb6+ $18 Kc5 $2 {[#]} (35... Kc7) 36. Ne5 {Precision: White = 67%, Black = 36%.} 1-0

[Event "11th Chennai Open-GM 2019"]
[Site "Chennai"]
[Date "2019.01.20"]
[Round "4"]
[White "Vignesh N R"]
[Black "Harshavardhan G B"]
[Result "1/2-1/2"]
[WhiteElo "2461"]
[BlackElo "2275"]
[Annotator "TA"]
[PlyCount "83"]
[EventDate "2019.01.18"]
[EventType "swiss"]
[EventCountry "IND"]
[SourceTitle "playchess.com"]
[Source "ChessBase"]
[SourceQuality "1"]

{[%evp 18,83,7,15,11,0,12,0,20,-24,-12,-23,-16,-17,-15,-36,-45,-49,-25,-64,-56,-62,75,77,73,73,71,79,71,27,43,10,22,21,21,3,48,13,14,0,0,0,0,0,0,0,0,0,0,0,0,0,0,0,0,0,0,0,0,-8,0,0,0,0,0,0,0,0]} 1. c4 Nf6 2. g3 e6 3. Bg2 d5 4. Nf3 Be7 5. O-O O-O 6. d4 c6 7. Qc2 b6 8. Bg5 Nbd7 {E11: Bogo-Indian} 9. Nbd2 Ba6 (9... h6 10. Bxf6 Nxf6 11. e4 Bb7 12. e5 Nd7 13. cxd5 cxd5 14. Rfe1 b5 15. Bf1 Qb6 16. Bd3 {0-1 (46) Li,C (2751)-Tomashevsky,E (2728) Huaian 2016}) 10. Rac1 {LiveBook: 5 Games} Rc8 11. Rfe1 c5 $146 ({Predecessor:} 11... h6 12. Bf4 c5 13. dxc5 bxc5 14. e4 d4 15. Nb3 Bb7 16. Rcd1 Nh7 17. Bd2 Qb6 18. Re2 {½-½ (19) Guerra,R (2228)-Garus,E (2170) ICCF email 2011}) 12. Qa4 Nb8 (12... Bb7 {looks sharper.} 13. cxd5 Bxd5 14. b4 cxb4 15. Rxc8 Qxc8 16. e4 Qc6) 13. dxc5 (13. cxd5 {is more complex.} Nxd5 14. Bxe7 Qxe7 15. Ne4 cxd4 16. Nxd4 Rfd8 17. a3) 13... dxc4 14. b4 ({Don't blunder} 14. Nxc4 $2 b5 $19) 14... cxb3 $1 15. Bxf6 gxf6 16. Nxb3 bxc5 17. Nfd2 Qd7 18. Qf4 Qc7 {White must now prevent ...Qxf4.} 19. Qh6 Bb7 (19... Qe5 $1 $15 {stays ahead.} 20. Qh4 (20. Be4 f5 $17) 20... Rc7) 20. Rc4 {[#] White threatens Rg4+ and mate.} f5 21. Bxb7 Qxb7 22. e4 Rfe8 23. Nf3 {Strongly threatening Qh5.} Nd7 24. Ng5 Bxg5 25. Qxg5+ Kh8 26. Rec1 f6 27. Qh4 {[%cal Rb3c5]} Rf8 {The position is equal.} 28. Nxc5 Rxc5 29. Rxc5 Nxc5 30. Rxc5 $11 {[%mdl 4096] Endgame KQR-KQR} Qb1+ 31. Kg2 {[#] Intending Qh6 and mate.} Qxe4+ 32. Qxe4 fxe4 {KR-KR} 33. Rc7 a5 34. Re7 e5 35. Ra7 Rb8 36. Rxa5 Rb2 {aiming for ...e3.} 37. Kf1 Kg7 38. a4 Ra2 39. Ra8 f5 40. a5 f4 41. gxf4 exf4 42. Re8 {Precision: White = 51%, Black = 64%.} 1/2-1/2

[Event "11th Chennai Open-GM 2019"]
[Site "Chennai"]
[Date "2019.01.20"]
[Round "4"]
[White "Vignesh N R"]
[Black "Harshavardhan G B"]
[Result "*"]
[WhiteElo "2461"]
[BlackElo "2275"]
[Annotator "TA"]
[PlyCount "35"]
[EventDate "2019.01.18"]
[EventType "swiss"]
[EventCountry "IND"]
[SourceTitle "playchess.com"]
[Source "ChessBase"]
[SourceQuality "1"]

{[%evp 18,21,10,8,5,-7]} 1. c4 Nf6 2. g3 e6 3. Bg2 d5 4. Nf3 Be7 5. O-O O-O 6. d4 c6 7. Qc2 b6 8. Bg5 Nbd7 {E11: Bogo-Indian} 9. Nbd2 Ba6 (9... h6 10. Bxf6 Nxf6 11. e4 Bb7 12. e5 Nd7 13. cxd5 cxd5 14. Rfe1 b5 15. Bf1 Qb6 16. Bd3 {0-1 (46) Li,C (2751)-Tomashevsky,E (2728) Huaian 2016}) 10. Rac1 {LiveBook: 5 Games} Rc8 11. Rfe1 {Predecessor:} h6 $146 12. Bf4 c5 13. dxc5 bxc5 14. e4 d4 15. Nb3 Bb7 16. Rcd1 Nh7 17. Bd2 Qb6 18. Re2 {½-½ (19) Guerra,R (2228)-Garus,E (2170) ICCF email 2011} *

[Event "11th Chennai Open-GM 2019"]
[Site "Chennai"]
[Date "2019.01.20"]
[Round "4"]
[White "Akash G"]
[Black "Ziatdinov, Raset"]
[Result "1-0"]
[WhiteElo "2453"]
[BlackElo "2248"]
[Annotator "TA RC"]
[PlyCount "91"]
[EventDate "2019.01.18"]
[EventType "swiss"]
[EventCountry "IND"]
[SourceTitle "playchess.com"]
[Source "ChessBase"]
[SourceQuality "1"]

{[%evp 15,91,29,47,37,55,46,27,0,0,0,0,0,0,0,0,0,6,0,41,41,37,13,37,29,38,41,50,43,110,106,104,79,116,130,136,146,191,183,306,302,331,222,228,231,222,229,1191,1223,1168,738,720,614,845,860,677,659,831,812,791,788,2795,2579,2959,2558,29966,2247,29966,29962,6279,1554,29980,29981,29980,29981,29979,29980,29980,29980]} 1. e4 e5 2. Nf3 Nc6 3. Bb5 a6 4. Ba4 d6 5. Bxc6+ bxc6 6. d4 f6 7. Nc3 g6 8. Be3 Nh6 {LiveBook: 14 Games. C73: Ruy Lopez: Deferred Steinitz: 5 Bxc6+} 9. Qe2 Ng4 $146 ({Predecessor:} 9... Bg7 10. O-O-O Nf7 11. h4 Bg4 12. h5 gxh5 13. Qc4 Qd7 14. Rd2 a5 15. d5 c5 16. Nh2 {0-1 (55) Abdusattorov,N (2429)-Vavulin,M (2604) Moscow 2017}) 10. O-O-O (10. Bd2 {is interesting.} Bd7 11. h3 Nh6 12. dxe5 fxe5 13. h4) 10... Nxe3 {White is slightly better.} 11. Qxe3 (11. fxe3 {looks sharper.} Qe7 12. Rdg1 h5 13. Kb1 Qf7 14. b3) 11... Bg7 12. h4 Bg4 13. h5 Bxh5 14. Rxh5 gxh5 15. Nh4 Qd7 16. Nf5 Bf8 17. d5 {[%mdl 1024] White has compensation.} c5 18. Ne2 Rg8 19. Rh1 Rg5 20. Neg3 Qf7 21. Qb3 Kd8 (21... O-O-O $14) 22. Qb7 $36 {[%mdl 2048] Keeping Black busy.} Rc8 23. Qxa6 Qg6 24. Qe2 c6 25. dxc6 Qe8 26. Nxh5 ({Resist} 26. Rxh5 Rxh5 27. Nxh5 Qg6) 26... Qxc6 (26... Qf7 $142 27. Nhg3 Rxc6) 27. Nxf6 $18 Ra8 28. Qc4 ({Weaker is} 28. Nxh7 Rxf5 29. exf5 Rxa2 $16) 28... Rxf5 29. exf5 Qxg2 30. Qd5 Qg5+ $2 (30... Qxd5 31. Nxd5 h6) 31. Kb1 Ra7 32. Qe6 Be7 33. Nd5 Qg2 {[%cal Rg2h1]} 34. Rd1 Qg4 35. Ne3 Qf3 36. f6 Bf8 37. a3 Qxf2 38. Nf5 Qf3 39. Rd3 Qg4 40. f7 (40. Rb3 $142 Rd7 41. Rb8+ Kc7 42. Qe8 Qg1+ 43. Ka2 Qg8+ 44. b3 Kc6 45. Rc8+ Kd5 46. Ne7+ Ke4 47. Nxg8) 40... Rd7 41. Rb3 Kc7 {[#]} 42. Ka2 (42. Rb7+ $142 $1 {[%mdl 512]} Kxb7 43. Qxd7+ Kb6 44. Qd8+ Kb7 45. Nxd6+ Bxd6 46. Qxd6 Qg1+ 47. Ka2) 42... Qg6 {[#]} 43. Rb7+ $3 {[%mdl 512] White mates.} Kxb7 44. Qxd7+ Ka6 45. Qc8+ Kb6 46. Qxf8 {Precision: White = 74%, Black = 19%.} 1-0

[Event "11th Chennai Open-GM 2019"]
[Site "Chennai"]
[Date "2019.01.20"]
[Round "4"]
[White "Shyaamnikhil P"]
[Black "Pranesh M"]
[Result "1-0"]
[WhiteElo "2446"]
[BlackElo "2125"]
[Annotator "TA"]
[PlyCount "101"]
[EventDate "2019.01.18"]
[EventType "swiss"]
[EventCountry "IND"]
[SourceTitle "playchess.com"]
[Source "ChessBase"]
[SourceQuality "1"]

{[%evp 21,100,34,34,27,37,28,28,29,57,48,76,67,70,36,87,89,100,101,120,107,120,88,126,114,131,97,292,-37,297,296,958,953,1578,900,2511,2493,1684,1628,1706,546,542,522,540,546,544,523,604,552,616,541,654,583,716,592,975,958,916,890,1298,1308,1690,1545,4352,3181,29967,10443,6829,3184,29974,29977,6949,6920,29971,29965,29989,29990,29990,29991,29998,29999,29999]} 1. e4 e5 2. Nf3 Nc6 3. Bb5 Nf6 4. O-O Nxe4 5. Re1 Nd6 6. Nxe5 Be7 7. Bf1 Nxe5 8. Rxe5 O-O 9. Nc3 {C67: Ruy Lopez: Berlin Defence: 4 0-0 Nxe4} (9. d4 Ne8 10. d5 Bc5 11. Re1 d6 12. Nc3 f5 13. Na4 Bxf2+ 14. Kxf2 Qh4+ 15. Kg1 Qxa4 16. Re7 Qh4 17. Qe2 {½-½ (45) Nakamura,H (2746)-Aronian,L (2765) St Petersburg 2018}) 9... Bf6 10. Re1 b6 11. d4 Bb7 {LiveBook: 4 Games} 12. Qd3 g6 13. Bf4 $146 ({Predecessor:} 13. d5 Re8 14. Bf4 Rxe1 15. Rxe1 Qf8 16. Qh3 Re8 {1-0 (37) Sousa,A (2380)-Dias,P (2332) Barcelos 2016}) 13... Nf5 14. d5 d6 15. Rad1 Bg7 16. Ne4 h6 17. c3 g5 ({Black should play} 17... a5 $14) 18. Bc1 Bc8 19. Qe2 Nh4 {[#]} 20. Qh5 $1 {[%cal Re4g5]} Ng6 21. Bd3 Re8 22. Bxg5 hxg5 23. Nxg5 Re5 $2 (23... Nh8 $16) 24. Qh7+ $18 Kf8 {[#]} 25. Nxf7 $1 {[%mdl 512]} Qf6 $2 (25... Kxf7 26. Bxg6+ (26. Qxg6+ Kf8 $16) 26... Kf8 27. Rxe5 dxe5) 26. Bxg6 Rxe1+ 27. Rxe1 {White wants to mate with Nh6.} Bd7 28. Nh6 Bxh6 29. Qxh6+ Qg7 30. Qxg7+ Kxg7 31. Re7+ Kxg6 32. Rxd7 {[%mdl 4096] Endgame KR-KR} Re8 {[%cal Re8e1]} 33. Kf1 Rc8 34. Ke2 Kf6 35. Ke3 b5 36. f4 a5 37. Kf3 b4 38. h4 Rh8 39. g3 {[%cal Bg2g3,Bg3g4][%mdl 32]} a4 40. cxb4 a3 41. bxa3 Ra8 42. g4 {Threatening mate with h5.} c6 43. dxc6 Ke6 44. f5+ {[%cal Bf4f5,Bf5f6,Bf6f7][%mdl 32]} Kd5 45. c7 Kc6 46. Re7 Rxa3+ 47. Kf4 {White mates.} Kb7 48. f6 Rxa2 49. f7 d5 {[#]} 50. c8=Q+ $1 Kb6 (50... Kxc8 51. f8=Q#) 51. Qb7# {Precision: White = 88%, Black = 33%.} 1-0

[Event "11th Chennai Open-GM 2019"]
[Site "Chennai"]
[Date "2019.01.20"]
[Round "4"]
[White "Harikrishnan.A.Ra"]
[Black "Debata Sarthak"]
[Result "*"]
[WhiteElo "2430"]
[BlackElo "1706"]
[Annotator "TA"]
[PlyCount "33"]
[EventDate "2019.01.18"]
[EventType "swiss"]
[EventCountry "IND"]
[SourceTitle "playchess.com"]
[Source "ChessBase"]
[SourceQuality "1"]

{[%evp 17,20,32,37,16,69]} 1. Nf3 c5 2. g3 Nf6 3. Bg2 g6 4. O-O Bg7 5. c4 O-O 6. d4 cxd4 7. Qxd4 Nc6 {A49: 1 d4 Nf6 2 Nf3 g6 3 g3: Anti-King's Indian systems} 8. Qh4 d6 9. Nc3 Qa5 {LiveBook: 3 Games} 10. Nd5 Be6 (10... Nxd5 $11 11. cxd5 Ne5) {Predecessor:} 11. Bd2 $146 Qa6 12. Nc7 Qxc4 13. Nxa8 Rxa8 14. Rfe1 Qxh4 15. Nxh4 Nd5 16. Rac1 a5 17. a4 {½-½ (26) Mamedyarov,S (2757)-Degraeve,J (2548) France 2007} *

[Event "11th Chennai Open-GM 2019"]
[Site "Chennai"]
[Date "2019.01.20"]
[Round "4"]
[White "Harikrishnan.A.Ra"]
[Black "Debata Sarthak"]
[Result "1-0"]
[WhiteElo "2430"]
[BlackElo "1706"]
[Annotator "TA"]
[PlyCount "41"]
[EventDate "2019.01.18"]
[EventType "swiss"]
[EventCountry "IND"]
[SourceTitle "playchess.com"]
[Source "ChessBase"]
[SourceQuality "1"]

{[%evp 12,41,19,10,9,22,37,30,30,7,56,56,63,33,37,23,54,44,54,42,212,214,397,369,517,304,534,472,718,584,1182,1180]} 1. Nf3 c5 2. g3 Nf6 3. Bg2 g6 4. O-O Bg7 5. c4 O-O 6. d4 cxd4 7. Qxd4 Nc6 {A49: 1 d4 Nf6 2 Nf3 g6 3 g3: Anti-King's Indian systems} (7... d5 8. cxd5 Nxd5 9. Qh4 Nc6 10. Rd1 Qa5 11. Bd2 Qb5 12. Nc3 Nxc3 13. Bxc3 Qxe2 14. Rd2 Qb5 15. Re1 {½-½ (27) Dubov,D (2701)-Jones,G (2651) Batumi 2018}) 8. Qh4 d6 9. Nc3 Qa5 {White has an edge.} 10. Nd5 Be6 11. Bd2 Qd8 12. e4 {[%cal Be2e4,Be4d5][%mdl 32]} Rc8 $146 ({Predecessor:} 12... Nh5 13. Rab1 Qd7 14. b4 Rae8 15. Rfc1 {1-0 (30) Vooremaa,A (2335)-Hintikka,E (2255) Kuopio 1993}) 13. Bh6 Bxh6 14. Qxh6 Bxd5 15. exd5 Na5 $2 {[#]} (15... Ne5 $14) 16. b3 $18 a6 $2 (16... Ng4 {was called for.} 17. Qd2 Nf6) 17. Ng5 b5 (17... Kh8 $142 18. Rfe1 Qe8) 18. cxb5 axb5 $2 (18... Nb7 19. bxa6 Nc5) 19. Rfe1 {White is clearly winning.} Qc7 (19... Nb7 $142 20. Re6 fxe6) 20. Bh3 Rb8 {[#]} 21. Re6 $3 {[%mdl 512] Accuracy: White = 55%, Black = 14%.} 1-0

[Event "11th Chennai Open-GM 2019"]
[Site "Chennai"]
[Date "2019.01.20"]
[Round "4"]
[White "Neelotpal, Das"]
[Black "Kurbonboeva, Sarvinoz"]
[Result "*"]
[WhiteElo "2419"]
[BlackElo "2214"]
[Annotator "TA"]
[PlyCount "37"]
[EventDate "2019.01.18"]
[EventType "swiss"]
[EventCountry "IND"]
[SourceTitle "playchess.com"]
[Source "ChessBase"]
[SourceQuality "1"]

{[%evp 13,14,30,34]} 1. c4 Nf6 2. Nc3 g6 3. g3 Bg7 4. Bg2 c6 5. e4 d6 6. d4 O-O 7. Nge2 e5 {LiveBook: 82 Games} {Predecessor:} 8. O-O $146 Nbd7 9. b3 exd4 10. Nxd4 Re8 11. Be3 Nc5 12. f3 d5 13. Nxc6 bxc6 14. Bxc5 dxc4 15. Qxd8 Rxd8 16. Rfd1 Rxd1+ 17. Rxd1 Nd7 18. Bd4 cxb3 19. axb3 {½-½ (85) Hammer,J (2631)-Arvola,B (2471) Sarpsborg 2018} *

[Event "11th Chennai Open-GM 2019"]
[Site "Chennai"]
[Date "2019.01.20"]
[Round "4"]
[White "Neelotpal, Das"]
[Black "Kurbonboeva, Sarvinoz"]
[Result "0-1"]
[WhiteElo "2419"]
[BlackElo "2214"]
[Annotator "TA"]
[PlyCount "95"]
[EventDate "2019.01.18"]
[EventType "swiss"]
[EventCountry "IND"]
[SourceTitle "playchess.com"]
[Source "ChessBase"]
[SourceQuality "1"]

{[%evp 15,95,6,81,70,100,0,0,0,0,-37,-20,-60,-10,-48,0,-26,-15,-27,-29,-47,-35,-32,-27,-48,-47,-128,-106,-252,-290,-257,-285,-289,-245,-278,-270,-276,-261,-258,-266,-268,-270,-267,-268,-268,-268,-263,-262,-247,-193,-230,-250,-247,-238,-244,-245,-243,-240,-233,-231,-218,-207,-364,-364,-364,-364,-364,-364,-364,-364,-364,-364,-346,-306,-29975,-29976,-29976,-29977,-29977,-29978,-29978,-29979,-29977]} 1. c4 Nf6 2. Nc3 g6 3. g3 Bg7 4. Bg2 c6 5. e4 d6 6. d4 O-O 7. Nge2 e5 8. d5 c5 (8... cxd5 $11 9. cxd5 Na6) 9. O-O {E72: King's Indian: 4 e4 d6 5 g3} Nbd7 10. f4 (10. Bg5 $16) 10... exf4 $11 11. gxf4 {The position is equal.} Nh5 $146 ({Predecessor:} 11... a6 12. Ng3 {1-0 (26) Malinin,Y (2335)-Rogovoi,M (2225) St Petersburg 1998}) 12. Be3 Re8 13. Qd2 f5 14. exf5 gxf5 15. Kh1 Ndf6 16. Bg1 Bd7 17. Rae1 Ng4 18. Rf3 Qe7 19. Ref1 a6 20. h3 (20. Rh3 $15 Nhf6 21. Ng3) 20... b5 $17 {Hoping for ...b4.} 21. hxg4 (21. Ng3 $17 {might work better.} Nxg3+ 22. Rxg3) 21... fxg4 $19 22. Re3 Qh4+ 23. Bh2 Rxe3 $1 24. Qxe3 Bd4 $1 {[%cal Rd4e3]} 25. Nxd4 ({Wrong is} 25. Qd3 $2 bxc4 26. Qxd4 cxd4 $19) 25... cxd4 26. Qxd4 {Threatens to win with f5.} g3 {[%csl Gg3][%cal Rh4h2]} 27. Qg1 gxh2 28. Qxh2 Ng3+ 29. Kg1 Qxh2+ 30. Kxh2 Nxf1+ 31. Bxf1 {[%mdl 4096] Endgame KRB-KBN} Kf8 32. Ne4 Ke7 33. c5 dxc5 34. d6+ {[#]} Ke8 $1 35. Nxc5 Rc8 36. Nxa6 Rc2+ 37. Kg3 Rxb2 38. Nc5 $2 (38. f5 {is a better defense.}) 38... Rxa2 39. Nxd7 Kxd7 40. Bxb5+ Kxd6 {KR-KB} 41. Kg4 Ke7 42. Bd3 h6 {[%cal Bh7h6,Bh6h5,Bh5h4][%mdl 32]} 43. Kf5 Rg2 {Strongly threatening ...h5.} 44. Be4 $2 {[#]} (44. Bf1 $19 Rb2 45. Bc4) 44... Rg3 $1 {Black mates.} 45. Ke5 h5 46. f5 h4 47. f6+ Kf8 48. Kd4 {Precision: White = 37%, Black = 83%.} 0-1

[Event "11th Chennai Open-GM 2019"]
[Site "Chennai"]
[Date "2019.01.20"]
[Round "4"]
[White "Manik, Mikulas"]
[Black "Aleksandrov, Aleksej"]
[Result "1/2-1/2"]
[WhiteElo "2413"]
[BlackElo "2582"]
[Annotator "TA"]
[PlyCount "131"]
[EventDate "2019.01.18"]
[EventType "swiss"]
[EventCountry "IND"]
[SourceTitle "playchess.com"]
[Source "ChessBase"]
[SourceQuality "1"]

{[%evp 18,131,14,8,24,24,17,20,42,18,26,23,17,11,20,21,19,8,11,5,9,0,17,0,14,14,32,19,19,25,29,20,11,23,22,12,12,8,66,75,91,70,63,56,175,32,72,72,73,80,262,239,284,274,729,732,730,415,630,412,389,404,388,381,343,0,892,342,342,342,420,415,476,470,470,252,252,252,408,408,405,315,315,291,291,291,291,272,512,291,466,206,206,0,291,0,206,206,206,206,206,206,206,206,206,206,206,206,206,136,136,120,120,120,120,120]} 1. e4 e5 2. Nf3 Nc6 3. Bb5 a6 4. Ba4 Nf6 5. O-O Be7 6. d3 b5 7. Bb3 d6 8. a4 b4 9. Nbd2 O-O 10. Re1 h6 {C88: Closed Ruy Lopez: Anti-Marshall Systems} (10... Na5 11. Ba2 c5 12. c3 Rb8 13. Nc4 Nc6 14. h3 Be6 15. Ng5 Bd7 16. f4 h6 17. Nf3 exf4 18. Bxf4 Be6 19. Ne3 bxc3 20. bxc3 Rb2 {0-1 (46) Karjakin,S (2753)-So,W (2765) Kolkata 2018}) 11. h3 Rb8 12. Nc4 Re8 {The position is equal.} 13. a5 Bf8 14. Bd2 $146 ({Predecessor:} 14. Be3 g6 15. c3 Bg7 16. Qc2 Qe7 17. Ba4 Bd7 18. Bxc6 Bxc6 19. cxb4 {0-1 (60) Constantinou,P (2057)-Nielsen,H (2354) Andorra la Vella 2017}) 14... Be6 15. Ba4 Bd7 16. c3 bxc3 17. bxc3 Ne7 {[%cal Bc6e7,Be7g6,Bg6f4][%mdl 32]} 18. Bc2 Ng6 19. d4 Qc8 20. Kh2 Qb7 21. d5 Nf4 22. Rb1 Qa8 23. Rxb8 Qxb8 24. Bxf4 exf4 25. e5 dxe5 26. Ncxe5 Rd8 27. Qd3 Be8 (27... Qa7 $11) 28. Ng4 $14 ({But not} 28. Qxa6 $2 Bb5 $19) 28... Nxg4+ 29. hxg4 {[%csl Gc2][%cal Rd3h7]} g6 30. Qxa6 $40 {[%mdl 128] White has some attack.} Rxd5 {[#]} (30... Qb5 $14 31. Qf6 Qxd5) 31. Qf6 (31. Bb3 $1 $18 {[%cal Rb3d5][%mdl 512]} Rd6 (31... Qxb3 32. Rxe8) 32. Qc4) 31... Rxa5 32. Bb3 $1 {Qxg6+ is the strong threat.} Bg7 33. Qxg6 $1 {Black must now prevent Re7.} Ra3 $2 (33... Kf8 $16 34. Qe4 Bxc3) 34. Bc4 $18 Rxc3 {[#]} 35. Qe4 $1 Bb5 $2 {[#]} (35... Rxc4 36. Qxc4 Bb5 37. Qxf4 Qd8) 36. Bxf7+ $1 {[%mdl 512]} Kxf7 37. Qe6+ Kf8 38. Qf5+ Kg8 39. Re7 {Qf7+ would kill now.} Qf8 {[#]} 40. Qe6+ $1 Kh7 41. Ne5 $2 ({White should try} 41. Qe4+ $18 Kg8 42. Nh4 {[%mdl 64] Decoy}) 41... Bd3 $2 {[%mdl 8192]} (41... Rc5 $11) 42. Nxd3 $2 (42. Nd7 Qxe7 43. Qxe7) 42... Rxd3 43. Qe4+ {[%mdl 64] Double Attack} Kh8 {And now ...Rd4 would win.} 44. Re8 Rd8 45. Rxf8+ Rxf8 {[%mdl 4096] Endgame KQ-KRB} 46. Qc4 (46. Qe7 $142) 46... Be5 47. Qe6 Bg7 $2 (47... Bf6 {is a better defense.} 48. Qe4 Bd8) 48. Qe7 c6 49. Qc7 Rf6 50. Kh3 Bf8 51. Kh4 Kg8 52. Kh5 c5 $2 (52... Rd6 53. Kh4 Rf6) 53. Qb7 Kh8 $2 (53... c4 54. Qd5+ Kg7 55. Qd7+ Kg8 56. Qd5+ Kh8) 54. Qb2 (54. Qd7 $142) 54... Kg7 55. Qb7+ (55. Qe5 $142 Kf7 56. Qd5+ Ke8 57. g5 hxg5 58. Kxg5) 55... Kh8 $1 56. Qb2 Kg7 $1 57. g5 hxg5 58. Kxg5 Be7 59. Kg4 Kf8 60. Kf3 Kf7 61. Qb3+ Kf8 62. Ke4 Kg7 63. g4 {Hoping for f3.} fxg3 64. fxg3 Rg6 65. Kf5 Rf6+ 66. Ke5 {Accuracy: White = 56%, Black = 43%.} 1/2-1/2